The silicon shrink (Record no. 4826)

MARC details
000 -CABECERA
campo de control de longitud fija 02896cam a2200301 i 4500
001 - NÚMERO DE CONTROL
campo de control a46451105
003 - IDENTIFICADOR DEL NÚMERO DE CONTROL
campo de control SIRSI
005 - FECHA Y HORA DE LA ÚLTIMA TRANSACCIÓN
campo de control 20250703145408.0
008 - DATOS DE LONGITUD FIJA--INFORMACIÓN GENERAL
campo de control de longitud fija 240819s2025 maua b 001 0 eng
010 ## - NÚMERO DE CONTROL DE LA BIBLIOTECA DEL CONGRESO
Número de control de LC 2024019381
020 ## - NÚMERO INTERNACIONAL ESTÁNDAR DEL LIBRO
Número Internacional Estándar del Libro 9780262049351
035 ## - NÚMERO DE CONTROL DEL SISTEMA
Número de control de sistema (OCoLC)1433130932
040 ## - FUENTE DE LA CATALOGACIÓN
Centro catalogador/agencia de origen LBSOR
Lengua de catalogación eng
Normas de descripción rda
Centro/agencia transcriptor DLC
Centro/agencia modificador OCLCO
-- IG#
-- IFK
-- CWJ
-- CQC
-- YDX
-- EEM
-- PSC
-- UtOrBLW
041 ## - CÓDIGO DE LENGUA
Código de lengua del texto/banda sonora o título independiente eng
050 00 - SIGNATURA TOPOGRÁFICA DE LA BIBLIOTECA DEL CONGRESO
Número de clasificación RC455.2.D38
Número de documento/Ítem O23 2025
100 ## - ENTRADA PRINCIPAL--NOMBRE DE PERSONA
Nombre de persona Oberhaus, Daniel
Término indicativo de función/relación author
9 (RLIN) 25675
245 14 - MENCIÓN DE TÍTULO
Título The silicon shrink
Resto del título : how artificial intelligence made the world an asylum
Mención de responsabilidad, etc. / Daniel Oberhaus.
260 ## - PUBLICACIÓN, DISTRIBUCIÓN, ETC.
Lugar de publicación, distribución, etc. Cambridge, MA :
Nombre del editor, distribuidor, etc. The MIT Press,
Fecha de publicación, distribución, etc. 2025.
300 ## - DESCRIPCIÓN FÍSICA
Extensión xvii, 246 pages :
Otras características físicas illustration ;
Dimensiones 24 cm.
504 ## - NOTA DE BIBLIOGRAFÍA, ETC.
Nota de bibliografía, etc. Includes bibliographical references (pages [201]-235) and index.
505 0# - NOTA DE CONTENIDO CON FORMATO
Nota de contenido con formato Ones and zeroes flew over the cuckoo's nest — The paranoid computer — Swipe psychiatry — The silicon shrink will see you now — Who diagnoses the diagnosis? — Where PAI goes from here.
520 ## - SUMARIO, ETC.
Sumario, etc. Why the race to apply AI in psychiatry is so dangerous, and how to understand the new tech-driven psychiatric paradigm. AI psychiatrists promise to detect mental disorders with superhuman accuracy, provide affordable therapy for those who can't afford or can't access treatment, and even invent new psychiatric drugs. But the hype obscures an unnerving reality. In The Silicon Shrink, Daniel Oberhaus tells the inside story of how the quest to use AI in psychiatry has created the conditions to turn the world into an asylum. Most of these systems, he writes, have vanishingly little evidence that they improve patient outcomes, but the risks they pose have less to do with technological shortcomings than with the application of deeply flawed psychiatric models of mental disorder at unprecedented scale. Oberhaus became interested in the subject of mental health after tragically losing his sister to suicide. In The Silicon Shrink, he argues that these new, ostensibly therapeutic technologies already pose significant risks to vulnerable people, and they won't stop there. These new breeds of AI systems are creating a psychiatric surveillance economy in which the emotions, behavior, and cognition of everyday people are subtly manipulated by psychologically savvy algorithms that have escaped the clinic. Oberhaus also introduces readers to the concept of swipe psychology, which is quickly establishing itself as the dominant mode of diagnosing and treating mental disorders. It is not too late to change course, but to do so means we must reckon with the nature of mental illness, the limits of technology, and what it means to be human.
650 #0 - PUNTO DE ACCESO ADICIONAL DE MATERIA--TÉRMINO DE MATERIA
Término de materia o nombre geográfico como elemento de entrada Psychiatry
Subdivisión general Data processing
9 (RLIN) 25676
650 #0 - PUNTO DE ACCESO ADICIONAL DE MATERIA--TÉRMINO DE MATERIA
Término de materia o nombre geográfico como elemento de entrada Psychiatry
Subdivisión general Decision making
9 (RLIN) 25677
650 #0 - PUNTO DE ACCESO ADICIONAL DE MATERIA--TÉRMINO DE MATERIA
Término de materia o nombre geográfico como elemento de entrada Mental illness
Subdivisión general Diagnosis
-- Data processing
9 (RLIN) 25678
650 #0 - PUNTO DE ACCESO ADICIONAL DE MATERIA--TÉRMINO DE MATERIA
Término de materia o nombre geográfico como elemento de entrada Artificial intelligence
Subdivisión general Medical applications
9 (RLIN) 25679
942 ## - ELEMENTOS DE ENTRADA AGREGADA (KOHA)
Fuente del sistema de clasificación o colocación Clasificación de Library of Congress
Holdings
Estado de retiro Estado de pérdida Fuente del sistema de clasificación o colocación Estado dañado No para préstamo Biblioteca de origen Biblioteca actual Fecha de adquisición Total de préstamos Signatura topográfica completa Código de barras Fecha visto por última vez Número de copia Precio válido a partir de Tipo de ítem Koha
    Clasificación de Library of Congress     TBS Barcelona TBS Barcelona 03/07/2025   RC455.2.D38 OBE B07585 03/07/2025 1 03/07/2025 Book

Powered by Koha